书目信息 |
| 题名: |
时间整理术
|
|
| 作者: | 牛婧 编著 | |
| 分册: | ||
| 出版信息: | 北京 新世界出版社 2012.10 |
|
| 页数: | 228页 | |
| 开本: | 24cm | |
| 丛书名: | ||
| 单 册: | ||
| 中图分类: | C935 | |
| 科图分类: | ||
| 主题词: | 个人 , 时间 , 个人--时间--管理 | |
| 电子资源: | ||
| ISBN: | 978-7-5104-3174-6 | |
| 000 | 00794nam0 2200253 45 | |
| 001 | 1360526515 | |
| 005 | 20130531101415.82 | |
| 010 | @a978-7-5104-3174-6@dCNY29.80 | |
| 100 | @a20130513d2012 em y0chiy50 ea | |
| 101 | 0 | @achi |
| 102 | @aCN@b110000 | |
| 105 | @ay z 000yy | |
| 106 | @ar | |
| 200 | 1 | @a时间整理术@AShi Jian Zheng Li Shu@f牛婧编著@FNiu Jing Bian Zhu |
| 210 | @a北京@c新世界出版社@d2012.10 | |
| 215 | @a228页@d24cm | |
| 330 | @a书中总结了各种时间整理的技巧和工具,也介绍了一些简单的方法和提示,内容涉及你没有时间?、做事越快越好、完美主义者的困扰、授权不佳的管理者等。 | |
| 606 | 0 | @a个人 |
| 606 | 0 | @a时间 |
| 606 | 0 | @a个人@x时间@x管理 |
| 690 | @aC935@v5 | |
| 701 | 0 | @a牛婧@ANiu Jing@4编著 |
| 801 | @aCN@bTANGWEI@c20130522 | |
| 905 | @b0834708-13@dC935@e451@f6 | |
| 时间整理术/牛婧编著.-北京:新世界出版社,2012.10 |
| 228页;24cm |
| ISBN 978-7-5104-3174-6:CNY29.80 |
| 书中总结了各种时间整理的技巧和工具,也介绍了一些简单的方法和提示,内容涉及你没有时间?、做事越快越好、完美主义者的困扰、授权不佳的管理者等。 |
| ● |
| 相关链接 |
|
|
|
|
正题名:时间整理术
索取号:C935/451
 
预约/预借
| 序号 | 登录号 | 条形码 | 馆藏地/架位号 | 状态 | 备注 |
| 1 | 0834708 | 208347118 | 第一借阅区/ [索取号:C935/451] | 在馆 | |
| 2 | 0834708 | 208347083 | 第一样本阅览室/ [索取号:C935/451] | 在馆 | |
| 3 | 0834708 | 208347136 | 第一借阅区/ [索取号:C935/451] | 在馆 | |
| 4 | 0834708 | 208347092 | 第一借阅区/ [索取号:C935/451] | 在馆 | |
| 5 | 0834708 | 208347109 | 第一借阅区/ [索取号:C935/451] | 在馆 | |
| 6 | 0834708 | 208347127 | 第一借阅区/ [索取号:C935/451] | 在馆 |